zpět

Detail výsledku týmu

Zkouška, Olomouc

Datum a čas kvízu

30.5 Celkem bodů Celkový počet nahraných bodů na tomto kvízu bez doplňovacích otázek.
1. Pořadí na kvízu Konečné umístění týmu na tomto kvízu.

Zaznamenané odpovědi

# Otázka Odpověď Body Výsledky
1. První místopředseda ČSSD ve st... 1
2. Náčelník policie jisté evropsk... 1
3. Hudební festival Colours of Os... 1
6. Prezident Miloš Zeman se v pon... 0
5. V minulých dnech bylo oznámeno... 1
6. V tomto tématu se budeme pohyb... 0
7. Pokud bychom vyrazili z Los An... 1
8. Pokud se budeme z Českých Budě... 0
9. Pokud se vydáme přesně na vých... 0
10. Pokud se z Jihlavy budeme pohy... 1